[Event "USCL Week 3"]
[Site "Internet Chess Club"]
[Date "2014.09.09"]
[Round "?"]
[White "Times, Lawyer"]
[Black "Niemann, Hans"]
[Result "1-0"]
[WhiteElo "2239"]
[BlackElo "2136"]
[PlyCount "109"]
[EventDate "2014.??.??"]

1. d4 Nf6 2. Nf3 d5 3. e3 Bf5 4. c4 c6 5. cxd5 cxd5 6. Nc3 Nc6 7. Ne5 e6 8. g4
Bg6 9. h4 h5 10. Nxg6 fxg6 11. g5 Nd7 12. Bh3 Qe7 13. O-O O-O-O 14. Ne2 e5 15.
Qb3 Kb8 16. Bd2 Nb6 17. Rac1 Nc4 18. Be1 exd4 19. Nf4 dxe3 20. fxe3 Qe4 21.
Nxd5 Qxd5 22. Qxc4 Qxc4 23. Rxc4 Bd6 24. Bg2 Ne5 25. Rc3 Rhf8 26. Rb3 Rxf1+ 27.
Kxf1 b6 28. Be4 Bc5 29. Ke2 Rd6 30. Bg3 Re6 31. Bxg6 Rxg6 32. Bxe5+ Kb7 33. Rd3
Kc6 34. Kf3 Re6 35. Bxg7 Bd6 36. Bc3 a5 37. Rd4 Kc5 38. b4+ Kb5 39. bxa5 bxa5
40. a4+ Kb6 41. Re4 Rg6 42. Re8 Bb4 43. Bd4+ Kc6 44. e4 Be1 45. Bf2 Bb4 46. Kf4
Rg7 47. Re6+ Kd7 48. Rf6 Be7 49. Rf5 Bb4 50. Bd4 Re7 51. g6 Bd2+ 52. Kf3 Bh6
53. Rxh5 Bg7 54. Bxg7 Rxg7 55. Rh7 1-0

[Event "USCL Week 3"]
[Site "Internet Chess Club"]
[Date "2014.09.09"]
[Round "?"]
[White "Anka, Emil"]
[Black "Bartell, Tom"]
[Result "0-1"]
[WhiteElo "2497"]
[BlackElo "2448"]
[PlyCount "78"]
[EventDate "2014.??.??"]

1. e4 c6 2. d4 d5 3. Nd2 dxe4 4. Nxe4 Bf5 5. Ng3 Bg6 6. h4 h6 7. Nf3 Nd7 8. h5
Bh7 9. Bd3 Bxd3 10. Qxd3 e6 11. Bf4 Bb4+ 12. c3 Be7 13. O-O-O Ngf6 14. Qe2 Nd5
15. Bd2 b5 16. Ne5 Nxe5 17. dxe5 Qb6 18. f4 O-O-O 19. Ne4 Rd7 20. Kb1 Rhd8 21.
Rc1 Kb8 22. c4 bxc4 23. Qxc4 Rb7 24. Rc2 Nb4 25. Bxb4 Rd4 26. Bd6+ Bxd6 27. Qe2
Ba3 28. Nc3 Rb4 29. Nd1 Rxf4 30. Rh3 Be7 31. Rhc3 c5 32. Qd2 Rf1 33. a3 a5 34.
Ka2 a4 35. Qe2 Rh1 36. Rc1 Qc6 37. Ka1 Rg1 38. Qf2 Qxg2 39. Qxf7 Rxd1 0-1

[Event "USCL Week 3"]
[Site "Internet Chess Club"]
[Date "2014.09.09"]
[Round "?"]
[White "Sang, Tian"]
[Black "Rubenchik, Rodion"]
[Result "1/2-1/2"]
[WhiteElo "2325"]
[BlackElo "2329"]
[PlyCount "88"]
[EventDate "2014.??.??"]

1. e4 e6 2. d4 d5 3. Nc3 Nf6 4. Bg5 Bb4 5. e5 h6 6. Bd2 Bxc3 7. bxc3 Ne4 8. Bd3
Nxd2 9. Qxd2 c5 10. Nf3 Qa5 11. O-O O-O 12. Rab1 Nd7 13. dxc5 Qxc5 14. Rb4 f5
15. c4 Nb6 16. Rb5 Qc7 17. cxd5 Nxd5 18. c4 Ne7 19. Rfb1 Rd8 20. Qe3 b6 21. Be2
Ba6 22. R5b3 Rac8 23. Ra3 Bxc4 24. Bxc4 Qxc4 25. Rxa7 Nd5 26. Qa3 b5 27. h4 b4
28. Qa5 Qg4 29. Qa6 Nf4 30. Ne1 Ne2+ 31. Kf1 Nc3 32. Rc1 Qxh4 33. Qxe6+ Kh8 34.
Nf3 Qe4 35. Re1 Qd3+ 36. Kg1 Ne2+ 37. Rxe2 Qxe2 38. Rxg7 Kxg7 39. Qf6+ Kh7 40.
Qxf5+ Kg7 41. Qf6+ Kh7 42. Qf7+ Kh8 43. Qf6+ Kh7 44. Qf7+ Kh8 1/2-1/2

[Event "USCL Week 3"]
[Site "Internet Chess Club"]
[Date "2014.09.09"]
[Round "?"]
[White "Naroditsky, Daniel"]
[Black "Ivanov, Alexander"]
[Result "1-0"]
[WhiteElo "2675"]
[BlackElo "2589"]
[PlyCount "93"]
[EventDate "2014.??.??"]

1. e4 e5 2. Nf3 Nc6 3. Bb5 a6 4. Ba4 Nf6 5. O-O Be7 6. Re1 b5 7. Bb3 d6 8. c3
O-O 9. h3 Bb7 10. d4 Re8 11. Nbd2 Bf8 12. a3 h6 13. Bc2 d5 14. dxe5 Nxe5 15.
Nxe5 Rxe5 16. Nf3 Re8 17. e5 Ne4 18. Bf4 c5 19. a4 Qb6 20. Nd2 Nxd2 21. Qxd2
Rad8 22. axb5 axb5 23. Qd3 g6 24. Qg3 Qe6 25. Ra7 Bc8 26. Rea1 d4 27. Be4 Bg7
28. Qf3 dxc3 29. bxc3 Re7 30. Ra8 Bxe5 31. Bxh6 Qf6 32. Qe3 Red7 33. Bf3 Rd3
34. Bg5 Qd6 35. Bxd8 Rxe3 36. Rxc8 Kg7 37. fxe3 Qd2 38. Bg5 Qxc3 39. Rd1 b4 40.
Bd5 b3 41. Re8 b2 42. Re7 Qc1 43. Rxf7+ Kh8 44. Rff1 Qc2 45. Be6 c4 46. Rd8+
Kh7 47. Bg8+ 1-0

[Event "USCL Week 3"]
[Site "Internet Chess Club"]
[Date "2014.09.09"]
[Round "?"]
[White "Brattain, Mika"]
[Black "Kraai, Jesse"]
[Result "1/2-1/2"]
[WhiteElo "2453"]
[BlackElo "2589"]
[PlyCount "110"]
[EventDate "2014.??.??"]

1. Nf3 c5 2. c4 Nc6 3. Nc3 e5 4. g3 g6 5. Bg2 Bg7 6. O-O d6 7. a3 Nge7 8. b4
O-O 9. Rb1 Bf5 10. d3 Qd7 11. Ne1 Rab8 12. Nc2 Bh3 13. Ne3 Bxg2 14. Kxg2 f5 15.
Ned5 Nxd5 16. Nxd5 f4 17. f3 Ne7 18. Nc3 Nf5 19. bxc5 dxc5 20. Qa4 Qxa4 21.
Nxa4 b6 22. Bd2 fxg3 23. hxg3 Bh6 24. Bxh6 Nxh6 25. Nc3 Nf5 26. Kf2 Nd4 27. a4
Nc6 28. Ne4 Kg7 29. Rh1 h6 30. Ke3 Rbd8 31. Rb2 Rh8 32. Ra1 Rd7 33. a5 Nxa5 34.
Nxc5 Nxc4+ 35. dxc4 bxc5 36. Rba2 Ra8 37. Ra5 Rc7 38. Ke4 h5 39. e3 g5 40. Ra6
Rf7 41. Rd1 Rf6 42. Rd7+ Kg6 43. Rxf6+ Kxf6 44. Rd6+ Kg7 45. Ra6 h4 46. gxh4
gxh4 47. Kxe5 h3 48. Kd5 h2 49. Ra1 Rh8 50. Rh1 Rh5+ 51. Kc6 Kf6 52. Kb5 Ke6
53. Ka6 Rh7 54. Kb5 Rh5 55. Ka6 Rh7 1/2-1/2

[Event "USCL Week 3"]
[Site "Internet Chess Club"]
[Date "2014.09.09"]
[Round "?"]
[White "Gorman, Dov"]
[Black "Cozianu, Costin"]
[Result "1-0"]
[WhiteElo "2400"]
[BlackElo "2466"]
[PlyCount "81"]
[EventDate "2014.??.??"]

1. c4 g6 2. Nc3 Bg7 3. Nf3 e5 4. d4 exd4 5. Bg5 f6 6. Qxd4 Nc6 7. Qe3+ Nge7 8.
Bh6 O-O 9. Bxg7 Kxg7 10. O-O-O d6 11. h4 Qe8 12. Nb5 Qf7 13. Qc3 Bg4 14. Ng5
Qg8 15. f3 Ne5 16. Ne4 Bd7 17. Na3 Bc6 18. Nf2 Qe6 19. e4 Nd7 20. Nc2 Nc5 21.
Nd4 Qf7 22. h5 g5 23. h6+ Kh8 24. Ng4 Bd7 25. Ne3 a5 26. g3 g4 27. Bg2 gxf3 28.
Bxf3 Ng6 29. Nd5 Bc6 30. Rdf1 Ne5 31. Bh5 Qg8 32. Qc2 Bxd5 33. exd5 Qxg3 34.
Ne6 Rg8 35. Kb1 Ncd7 36. Be2 Rac8 37. Ng7 c6 38. Nf5 Qg2 39. Ne7 cxd5 40. Nxc8
Rd8 41. Rfg1 1-0

[Event "USCL Week 3"]
[Site "Internet Chess Club"]
[Date "2014.09.09"]
[Round "?"]
[White "Atoufi, Pedram"]
[Black "Williams, Chris"]
[Result "1-0"]
[WhiteElo "2355"]
[BlackElo "2310"]
[PlyCount "105"]
[EventDate "2014.??.??"]

1. Nf3 c5 2. g3 Nc6 3. Bg2 Nf6 4. O-O g6 5. d3 Bg7 6. e4 d6 7. Nh4 O-O 8. f4
Bg4 9. Qe1 Nd4 10. Rf2 Bd7 11. h3 Nh5 12. c3 Nc6 13. Rf1 e6 14. g4 Nf6 15. Na3
Rb8 16. Nc4 d5 17. Nd2 b5 18. g5 Nh5 19. e5 Nxf4 20. Rxf4 Nxe5 21. Qg3 c4 22.
d4 Nd3 23. Rf1 b4 24. Ndf3 Qa5 25. cxb4 Qxb4 26. Bf4 Nxf4 27. Qxf4 Qxb2 28. Ne5
Ba4 29. Nhf3 Rb7 30. h4 Bc2 31. Bh3 c3 32. Rac1 Be4 33. Nc4 Qxa2 34. Nd6 Rb4
35. Nxe4 dxe4 36. Qxe4 Qa4 37. Rxc3 Bxd4+ 38. Nxd4 Rxd4 39. Qf3 Qb4 40. Rc8 Rd7
41. Rxf8+ Qxf8 42. Kh1 Qb4 43. h5 Qb7 44. h6 Qxf3+ 45. Rxf3 Rd5 46. Rg3 Kf8 47.
Bg2 Rc5 48. Kh2 f6 49. gxf6 Rh5+ 50. Bh3 Rxh6 51. Kg2 Kf7 52. Rf3 e5 53. Be6+
1-0

[Event "USCL Week 3"]
[Site "Internet Chess Club"]
[Date "2014.09.09"]
[Round "?"]
[White "Bregadze, Levan"]
[Black "Kavutskiy, Konstantin"]
[Result "1-0"]
[WhiteElo "2530"]
[BlackElo "2397"]
[PlyCount "179"]
[EventDate "2014.??.??"]

1. d4 Nf6 2. c4 e6 3. Nf3 Bb4+ 4. Bd2 c5 5. Bxb4 cxb4 6. g3 O-O 7. Bg2 d6 8.
O-O a5 9. a3 Na6 10. Nbd2 Qc7 11. Ne1 e5 12. dxe5 dxe5 13. Nd3 bxa3 14. Rxa3
Bg4 15. Ne4 Nxe4 16. Bxe4 Rad8 17. Bd5 b6 18. Qd2 Nc5 19. Qe3 Nxd3 20. Rxd3
Rfe8 21. Rfd1 Bf5 22. R3d2 Rc8 23. Qf3 Bg6 24. h4 h5 25. b3 Qc5 26. Bb7 Rb8 27.
Rd7 e4 28. Qf4 e3 29. f3 Qe5 30. Qxe5 Rxe5 31. Bd5 Kf8 32. Rc1 Re7 33. Rxe7
Kxe7 34. Rc3 Kd6 35. Rxe3 b5 36. Rc3 Kc5 37. e4 b4 38. Rc1 f5 39. Ra1 fxe4 40.
Rxa5+ Kd4 41. fxe4 Bxe4 42. Bxe4 Kxe4 43. Rxh5 Ra8 44. Kg2 Ra3 45. Rg5 Rxb3 46.
Rxg7 Rb2+ 47. Kh3 b3 48. Rb7 Rb1 49. Kg4 Kd4 50. h5 Kxc4 51. h6 Kc3 52. Rb5 Rh1
53. Rh5 Rxh5 54. Kxh5 b2 55. h7 b1=Q 56. h8=Q+ Kd2 57. Qe5 Qh7+ 58. Kg4 Qa7 59.
Kf5 Qf7+ 60. Kg4 Qh7 61. Kg5 Qg8+ 62. Kh6 Qf8+ 63. Kh5 Qf7+ 64. Kh4 Qh7+ 65.
Kg5 Qg8+ 66. Kf4 Qc4+ 67. Qe4 Qf7+ 68. Kg4 Qg8+ 69. Kf3 Qh8 70. Kg2 Qg8 71. g4
Qg7 72. Kg3 Qc3+ 73. Qf3 Qg7 74. Qf4+ Kd3 75. g5 Qa1 76. Qf3+ Kd2 77. g6 Qh8
78. Qf7 Qd8 79. Qf4+ Ke1 80. Qe5+ Kd1 81. g7 Qd3+ 82. Kg2 Qg6+ 83. Kf3 Qc6+ 84.
Kg3 Qg6+ 85. Kh4 Kc2 86. Qc7+ Kd1 87. Qd8+ Ke1 88. g8=Q Qe4+ 89. Qg4 Qh1+ 90.
Kg5 1-0

[Event "USCL Week 3"]
[Site "Internet Chess Club"]
[Date "2014.09.09"]
[Round "?"]
[White "Hernandez-Camen, Angel"]
[Black "He, Samuel"]
[Result "0-1"]
[WhiteElo "2231"]
[BlackElo "2207"]
[PlyCount "142"]
[EventDate "2014.??.??"]

1. d4 Nf6 2. c4 c6 3. Nf3 d5 4. e3 Bf5 5. Nc3 e6 6. Nh4 Bg6 7. Qb3 Qc7 8. Nxg6
hxg6 9. g3 dxc4 10. Bxc4 Nbd7 11. Bd2 Be7 12. Be2 O-O 13. O-O e5 14. Rac1 Rad8
15. Rfd1 exd4 16. exd4 Qb6 17. Qc4 Rfe8 18. Be3 Qb4 19. d5 Ne5 20. Qxb4 Bxb4
21. dxc6 Nxc6 22. Bf3 Bxc3 23. Rxd8 Rxd8 24. Rxc3 Nd5 25. Bxd5 Rxd5 26. Kg2 f6
27. Rb3 Rd7 28. a3 Kf7 29. Rc3 a6 30. b4 g5 31. g4 Ne5 32. h3 b5 33. Rc8 Nc4
34. Rc6 Rd6 35. Rxd6 Nxd6 36. Kf3 Ke6 37. Ke2 Nc4 38. Bc1 Kd5 39. Kd3 Ne5+ 40.
Ke3 Kc4 41. Ke4 Kb3 42. f3 Nc4 43. f4 gxf4 44. Bxf4 Kxa3 45. Kf5 Kxb4 46. Kg6
a5 47. Kxg7 a4 48. Bc1 Kb3 49. h4 Kc2 50. h5 Kxc1 51. h6 a3 52. h7 a2 53. h8=Q
a1=Q 54. Qh1+ Kb2 55. Qd5 Qa6 56. Qd4+ Kc2 57. Qe4+ Kc3 58. Qe1+ Kd4 59. Qf2+
Kd5 60. Qf3+ Kc5 61. Qf5+ Kd4 62. Qf4+ Kd3 63. Qf1+ Ke4 64. Qb1+ Kf4 65. Qf5+
Kg3 66. Qd3+ Kxg4 67. Qe4+ Kg3 68. Qd3+ Kf2 69. Qd4+ Ke2 70. Qg4+ Kd3 71. Qf3+
Ne3 0-1

[Event "USCL Week 3"]
[Site "Internet Chess Club"]
[Date "2014.09.09"]
[Round "?"]
[White "Wheeler, Cameron"]
[Black "Liu, Andrew"]
[Result "1-0"]
[WhiteElo "2368"]
[BlackElo "2284"]
[PlyCount "209"]
[EventDate "2014.??.??"]

1. d4 Nf6 2. c4 g6 3. g3 Bg7 4. Bg2 O-O 5. Nc3 d6 6. Nf3 Nc6 7. O-O a6 8. d5
Na5 9. Nd2 c5 10. Rb1 b5 11. cxb5 axb5 12. Nxb5 Rb8 13. Nc3 Bf5 14. e4 Bc8 15.
Re1 Ba6 16. Bf1 Bxf1 17. Nxf1 Nd7 18. Bf4 Nc4 19. Qc2 Qa5 20. Rec1 Nde5 21. Kg2
Rb7 22. a3 Rfb8 23. Nd1 Rb3 24. Bxe5 Nxe5 25. Nd2 R3b7 26. f4 Nd7 27. Nc4 Qa6
28. Nde3 Rb3 29. Nf1 R3b5 30. Nfd2 Qb7 31. a4 Rb4 32. b3 Ra8 33. Na3 Nf6 34.
Nb5 Rc8 35. Nc4 Ne8 36. Na5 Qd7 37. Nc6 Rxc6 38. dxc6 Qxc6 39. Re1 Nf6 40. Nc3
d5 41. e5 d4+ 42. Ne4 Nd5 43. Qxc5 Qb7 44. Rbc1 Nc3 45. Kg1 Rxb3 46. Nxc3 dxc3
47. Rxc3 Rxc3 48. Qxc3 Qa7+ 49. Qe3 Qxa4 50. Rc1 h5 51. Qc5 e6 52. Qb6 Bf8 53.
Rb1 Qc2 54. Qb8 Kg7 55. Qb7 Bc5+ 56. Kh1 Bd4 57. Rf1 Qe2 58. Qg2 Qd3 59. Qf3
Qc2 60. Rd1 Bb6 61. Re1 Qd2 62. Rb1 Bc5 63. Qg2 Qd3 64. Re1 Bb6 65. Qe4 Qd2 66.
Rf1 Bc5 67. h3 Be3 68. Qg2 Qb4 69. Rd1 Bc5 70. Kh2 h4 71. Qf3 Qb2+ 72. Qg2
hxg3+ 73. Kxg3 Qb3+ 74. Qf3 Qc2 75. Rh1 Bb4 76. h4 Qc3 77. Qxc3 Bxc3 78. Rc1
Bd2 79. Rc7 Be3 80. Kf3 Bd2 81. Rd7 Bc1 82. Rd3 Kh6 83. Ke4 Bb2 84. Rd7 Kg7 85.
Rc7 Kg8 86. Kd3 Kg7 87. Rb7 Bc1 88. Ke4 Kg8 89. h5 gxh5 90. Rb1 Ba3 91. Rh1 Kg7
92. Rxh5 Be7 93. f5 exf5+ 94. Kxf5 Bd8 95. Rh3 Be7 96. Rb3 Bh4 97. Rb7 Kf8 98.
Ke4 Be7 99. Kd5 Bh4 100. Kd6 Bg3 101. Rb8+ Kg7 102. Rb3 Bh2 103. Rh3 Bf4 104.
Rf3 Bh2 105. Rf2 1-0

[Event "USCL Week 3"]
[Site "Internet Chess Club"]
[Date "2014.09.10"]
[Round "?"]
[White "Stukopin, Andrey"]
[Black "Korley, Kassa"]
[Result "1-0"]
[WhiteElo "2631"]
[BlackElo "2486"]
[PlyCount "39"]
[EventDate "2014.??.??"]

1. e4 e5 2. Bc4 Nf6 3. d3 c6 4. Nf3 d5 5. Bb3 Bb4+ 6. Bd2 Bd6 7. Nc3 dxe4 8.
Ng5 O-O 9. Ncxe4 Nxe4 10. dxe4 Qf6 11. Qh5 Qg6 12. Qxg6 hxg6 13. O-O-O Nd7 14.
Be3 Be7 15. h4 Nf6 16. f3 Nh7 17. a4 Nxg5 18. Bxg5 Bxg5+ 19. hxg5 Re8 20. Rh8+
1-0

[Event "USCL Week 3"]
[Site "Internet Chess Club"]
[Date "2014.09.10"]
[Round "?"]
[White "Martinez, Marcel"]
[Black "Herman, Matt"]
[Result "1-0"]
[WhiteElo "2474"]
[BlackElo "2439"]
[PlyCount "73"]
[EventDate "2014.??.??"]

1. e4 e5 2. Nf3 Nc6 3. Bb5 Nf6 4. d3 Bc5 5. c3 O-O 6. O-O Re8 7. Re1 a6 8. Ba4
b5 9. Bb3 Bb7 10. a4 h6 11. h3 Ba7 12. Na3 d5 13. exd5 Nxd5 14. axb5 axb5 15.
d4 b4 16. Nb5 Bb6 17. Rxa8 Bxa8 18. dxe5 Na5 19. Bc2 b3 20. Bb1 Ne7 21. Nfd4
Ng6 22. Qh5 Qd5 23. Qg4 Rxe5 24. Rxe5 Qxe5 25. Be3 Nc4 26. Bxg6 fxg6 27. Qc8+
Kh7 28. Qxa8 Nxe3 29. fxe3 Qxe3+ 30. Kh2 Qf4+ 31. g3 Qe5 32. Qf3 c5 33. Nxb3
Qe8 34. Na3 Qe6 35. Nd2 Bc7 36. Nac4 Qe1 37. Kg2 1-0

[Event "USCL Week 3"]
[Site "Internet Chess Club"]
[Date "2014.09.10"]
[Round "?"]
[White "Bodek, Michael"]
[Black "Arencibia, Tony"]
[Result "1-0"]
[WhiteElo "2502"]
[BlackElo "2251"]
[PlyCount "75"]
[EventDate "2014.??.??"]

1. e4 e5 2. Nf3 Nc6 3. Bc4 Bc5 4. c3 Nf6 5. d3 d6 6. Bb3 a6 7. h3 h6 8. O-O Ba7
9. Re1 O-O 10. Nbd2 Nh5 11. d4 Qf6 12. Nxe5 dxe5 13. Qxh5 exd4 14. Nf3 Be6 15.
e5 Qf5 16. Qh4 Rad8 17. Re4 Bxb3 18. axb3 Ne7 19. cxd4 Ng6 20. Qg4 Qxg4 21.
hxg4 c5 22. b4 cxd4 23. b5 Bb6 24. bxa6 Ra8 25. Nxd4 Nxe5 26. Rxe5 Bxd4 27. Rd5
Bf6 28. a7 Rfc8 29. Be3 Rc7 30. Rad1 b6 31. Bxb6 Rb7 32. Be3 Rxb2 33. Rd7 Ra2
34. Rb7 Kh7 35. Rdd7 Ra1+ 36. Kh2 Be5+ 37. f4 Bf6 38. Rb8 1-0

[Event "USCL Week 3"]
[Site "Internet Chess Club"]
[Date "2014.09.10"]
[Round "?"]
[White "Bozkurt, Ilker"]
[Black "Hernandez, Holden"]
[Result "0-1"]
[WhiteElo "2383"]
[BlackElo "2582"]
[PlyCount "68"]
[EventDate "2014.??.??"]

1. d4 Nf6 2. c4 e6 3. Nc3 Bb4 4. e3 O-O 5. Bd3 c5 6. Nf3 d5 7. O-O Nc6 8. a3
Bxc3 9. bxc3 Qc7 10. Qc2 dxc4 11. Bxc4 b6 12. Bd3 Na5 13. Qe2 Nd7 14. Bb2 c4
15. Bc2 Bb7 16. Rae1 e5 17. a4 e4 18. Ng5 Nf6 19. f4 Rfe8 20. Kh1 a6 21. Rg1 b5
22. axb5 axb5 23. g4 Nb3 24. Nh3 Nd5 25. Bxb3 cxb3 26. Qxb5 Bc6 27. Qf1 Ra2 28.
Rg2 Bd7 29. c4 Nb4 30. Ra1 Nd3 31. Rxa2 bxa2 32. Bc3 Qxc4 33. Qa1 Ra8 34. d5
Qxc3 0-1

[Event "USCL Week 3"]
[Site "Internet Chess Club"]
[Date "2014.09.10"]
[Round "?"]
[White "Barbosa, Oliver"]
[Black "Xiong, Jeffery"]
[Result "1/2-1/2"]
[WhiteElo "2579"]
[BlackElo "2542"]
[PlyCount "45"]
[EventDate "2014.??.??"]

1. d4 Nf6 2. c4 g6 3. Nc3 d5 4. Nf3 Bg7 5. Qb3 dxc4 6. Qxc4 O-O 7. e4 a6 8. Be2
b5 9. Qb3 c5 10. dxc5 Be6 11. Qc2 Nbd7 12. Be3 Rc8 13. Rd1 b4 14. Nd5 Bxd5 15.
exd5 Nxc5 16. O-O Nce4 17. Qb1 Qd6 18. Rfe1 Nc5 19. Bc4 Na4 20. Bb3 Nc5 21. Bc4
Na4 22. Bb3 Nc5 23. Bc4 1/2-1/2

[Event "USCL Week 3"]
[Site "Internet Chess Club"]
[Date "2014.09.10"]
[Round "?"]
[White "Serna, Jeffrey"]
[Black "Mo, Kevin"]
[Result "1/2-1/2"]
[WhiteElo "2074"]
[BlackElo "2334"]
[PlyCount "66"]
[EventDate "2014.??.??"]

1. e4 e5 2. Nf3 Nc6 3. d4 exd4 4. Bc4 Bc5 5. c3 Nf6 6. e5 d5 7. Bb5 Ne4 8. Nxd4
O-O 9. Bxc6 bxc6 10. O-O Bd7 11. f3 Ng5 12. f4 Ne4 13. Be3 f5 14. Nd2 Qe7 15.
Nxe4 fxe4 16. b4 Bb6 17. Qd2 a5 18. a3 g5 19. e6 gxf4 20. Rxf4 Rxf4 21. Bxf4
Bxe6 22. Be3 Bd7 23. Rf1 axb4 24. axb4 Rf8 25. Nb3 Rxf1+ 26. Kxf1 Qf6+ 27. Kg1
Kf7 28. Nc5 Bc8 29. Bd4 Qf5 30. Qh6 Qg6 31. Qf4+ Qf5 32. Qh6 Qg6 33. Qf4+ Qf5
1/2-1/2

[Event "USCL Week 3"]
[Site "Internet Chess Club"]
[Date "2014.09.10"]
[Round "?"]
[White "Studen, Damir"]
[Black "Benjamin, Joel"]
[Result "0-1"]
[WhiteElo "2372"]
[BlackElo "2634"]
[PlyCount "64"]
[EventDate "2014.??.??"]

1. d4 Nf6 2. Nf3 g6 3. g3 Bg7 4. Bg2 O-O 5. O-O c6 6. c4 d6 7. Nc3 Qb6 8. h3
Qa6 9. Qd3 d5 10. Nd2 Be6 11. b3 Nbd7 12. e4 Nb6 13. exd5 cxd5 14. Qe2 dxc4 15.
bxc4 Rad8 16. c5 Qa5 17. Nb5 Nbd5 18. Nb3 Qa4 19. Bb2 Rfe8 20. Rfe1 h5 21. h4
Bf5 22. Bf1 a6 23. Na3 Nb4 24. Nc4 Nc2 25. Nb6 Qb4 26. Rec1 Nxa1 27. Bc3 Nxb3
28. Bxb4 Nxc1 29. Qd2 Nd3 30. Qc3 Nxf2 31. Qb2 N2e4 32. Ba5 Ng4 0-1

[Event "USCL Week 3"]
[Site "Internet Chess Club"]
[Date "2014.09.10"]
[Round "?"]
[White "Katz, Alexander"]
[Black "Francisco, Richard"]
[Result "1/2-1/2"]
[WhiteElo "2380"]
[BlackElo "2382"]
[PlyCount "64"]
[EventDate "2014.??.??"]

1. e4 e5 2. Nf3 Nc6 3. Bc4 Nf6 4. d3 Bc5 5. c3 O-O 6. O-O d6 7. Nbd2 Ne7 8. d4
exd4 9. cxd4 Bb6 10. e5 Nfd5 11. Ne4 Bg4 12. Bg5 Qd7 13. Qb3 Be6 14. Rfe1 Rae8
15. exd6 cxd6 16. Bxe7 Nxe7 17. d5 Bg4 18. Bb5 Qd8 19. Bxe8 Rxe8 20. Nfd2 Nf5
21. Qa4 Rf8 22. Nc4 Bd4 23. Ncxd6 Bxb2 24. Nxf5 Bxa1 25. Ne3 Bd7 26. Qxa7 Be5
27. Nc4 Bb8 28. Qxb7 Re8 29. Re3 Bf4 30. Ned6 Rxe3 31. fxe3 Bxh2+ 32. Kxh2 Qh4+
1/2-1/2

[Event "USCL Week 3"]
[Site "Internet Chess Club"]
[Date "2014.09.10"]
[Round "?"]
[White "Gaston Andretta, Carlos"]
[Black "Brodsky, David"]
[Result "1/2-1/2"]
[WhiteElo "2228"]
[BlackElo "2249"]
[PlyCount "100"]
[EventDate "2014.??.??"]

1. Nf3 d5 2. c4 c6 3. g3 Nf6 4. Bg2 Bf5 5. cxd5 cxd5 6. Qb3 Qb6 7. d3 Nc6 8.
Qxb6 axb6 9. Nc3 e6 10. Nb5 Bb4+ 11. Bd2 O-O 12. Nfd4 Bg6 13. f4 Bc5 14. Nc2
Rfd8 15. b4 Bf8 16. Bc3 Rac8 17. a3 Ne8 18. Kd2 Nd6 19. Nxd6 Bxd6 20. Nd4 Be7
21. Rhc1 Bf6 22. Nb5 Kf8 23. Rc2 Ke7 24. Rac1 Kd7 25. Bxf6 gxf6 26. Bh3 f5 27.
g4 fxg4 28. Bxg4 Rg8 29. Bf3 Bf5 30. Ke3 Bg4 31. Bxg4 Rxg4 32. Nd4 Rgg8 33. Nf3
f6 34. b5 Ne7 35. Rxc8 Nxc8 36. a4 Nd6 37. Kf2 Nf7 38. e4 Ra8 39. exd5 exd5 40.
Rg1 Rxa4 41. Rg7 Ke8 42. Ke3 h6 43. Rg8+ Ke7 44. Rb8 Nd6 45. Nd4 Ra5 46. Rh8
Nxb5 47. Nxb5 Rxb5 48. Rxh6 Ke6 49. Rh7 Rb2 50. Rxb7 Rxh2 1/2-1/2

[Event "USCL Week 3"]
[Site "Internet Chess Club"]
[Date "2014.09.10"]
[Round "?"]
[White "Shen, Victor"]
[Black "So, Wesley"]
[Result "0-1"]
[WhiteElo "2510"]
[BlackElo "2751"]
[PlyCount "78"]
[EventDate "2014.??.??"]

1. d4 Nf6 2. c4 g6 3. f3 d5 4. cxd5 Nxd5 5. e4 Nb6 6. Nc3 Bg7 7. Be3 O-O 8. Qd2
e5 9. d5 c6 10. h4 cxd5 11. exd5 h5 12. a4 Bf5 13. a5 Nc8 14. Nge2 Nd6 15. Ng3
Re8 16. Nge4 Bxe4 17. fxe4 Nd7 18. Be2 Rc8 19. Bxa7 f5 20. exf5 Nxf5 21. Ne4
Nf6 22. Nxf6+ Qxf6 23. O-O Qxh4 24. Bf2 Qe7 25. a6 e4 26. axb7 Rcd8 27. Bc4 Nd6
28. Bc5 Qxb7 29. Bxd6 Rxd6 30. Ra2 Qb6+ 31. Kh1 e3 32. Qe2 Qd4 33. Rf3 Kh7 34.
b3 Rf6 35. Rxf6 Bxf6 36. Qf3 Qh4+ 37. Qh3 Qe1+ 38. Kh2 e2 39. Ra7+ Kh6 0-1

[Event "USCL Week 3"]
[Site "Internet Chess Club"]
[Date "2014.09.10"]
[Round "?"]
[White "Jones, Craig"]
[Black "De la Parra, Daniela"]
[Result "1-0"]
[WhiteElo "2232"]
[BlackElo "1999"]
[PlyCount "81"]
[EventDate "2014.??.??"]

1. Nf3 d5 2. g3 c6 3. Bg2 Nf6 4. O-O Bf5 5. d3 h6 6. Nbd2 e6 7. c4 Be7 8. a3 a5
9. b3 O-O 10. Bb2 Nbd7 11. Qc2 Bh7 12. Bc3 b5 13. cxd5 cxd5 14. b4 Rc8 15. Qb3
axb4 16. axb4 Nb6 17. Ra5 Na4 18. Ba1 Qd7 19. Nd4 Rb8 20. N2f3 Bd8 21. Ne5 Qe8
22. Ra6 Bb6 23. Bh3 Qc8 24. Rxa4 bxa4 25. Qxa4 Ra8 26. Qd1 Qa6 27. Nec6 Bxd4
28. Nxd4 Qb6 29. Bc3 Rfc8 30. Qb3 Nd7 31. Rb1 Qd6 32. Qb2 Qe7 33. b5 Rab8 34.
Nc6 Rxc6 35. bxc6 Rxb2 36. Rxb2 Nf8 37. Be5 f6 38. c7 Qc5 39. Rb8 fxe5 40.
Bxe6+ Kh8 41. c8=Q 1-0

[Event "USCL Week 3"]
[Site "Internet Chess Club"]
[Date "2014.09.10"]
[Round "?"]
[White "Corallo, Michael"]
[Black "Klein, Ethan"]
[Result "1/2-1/2"]
[WhiteElo "2284"]
[BlackElo "2022"]
[PlyCount "132"]
[EventDate "2014.??.??"]

1. Nf3 d5 2. d4 Nf6 3. c4 c6 4. e3 Bf5 5. Nc3 e6 6. Nh4 Be4 7. f3 Bg6 8. Qb3
Qc7 9. Bd2 Be7 10. O-O-O Nbd7 11. cxd5 cxd5 12. Nxg6 hxg6 13. Kb1 a6 14. Rc1
Qb6 15. Qa4 Rc8 16. Bd3 Qd8 17. g4 Kf8 18. g5 Ne8 19. h4 Nd6 20. f4 Nb6 21. Qd1
Nbc4 22. Rc2 Qb6 23. Ka1 Nxd2 24. Rxd2 Nc4 25. Bxc4 Rxc4 26. h5 Bb4 27. Rc2
Bxc3 28. bxc3 Qc7 29. Kb2 b5 30. hxg6 Rxh1 31. Qxh1 fxg6 32. Qc1 a5 33. a3 Kf7
34. Qd2 Ra4 35. Qd3 Qd6 36. Kc1 Qxa3+ 37. Kd2 Rc4 38. e4 b4 39. exd5 Rxc3 40.
dxe6+ Ke7 41. Qxg6 Rxc2+ 42. Qxc2 Kxe6 43. Qe4+ Kf7 44. f5 Qb2+ 45. Ke3 Qc1+
46. Kf2 Qd2+ 47. Kf3 Qd1+ 48. Kf4 Qf1+ 49. Ke5 Qb5+ 50. Kf4 Qf1+ 51. Ke5 Qb5+
52. Kd6 Qb6+ 53. Kd7 Qb5+ 54. Kc7 Qc4+ 55. Kb6 b3 56. g6+ Kf6 57. Qe5+ Kg5 58.
f6+ Kxg6 59. fxg7 b2 60. Qg3+ Kh7 61. g8=Q+ Qxg8 62. Qh2+ Kg7 63. Qe5+ Kh6 64.
Qh2+ Kg7 65. Qe5+ Kh6 66. Qh2+ Kg7 1/2-1/2

[Event "USCL Week 3"]
[Site "Internet Chess Club"]
[Date "2014.09.10"]
[Round "?"]
[White "Kim, Yoon-Young"]
[Black "Ramachandran, Karthik"]
[Result "0-1"]
[WhiteElo "2116"]
[BlackElo "2257"]
[PlyCount "114"]
[EventDate "2014.??.??"]

1. d4 Nf6 2. c4 e6 3. g3 d5 4. Nf3 dxc4 5. Bg2 Nc6 6. Qa4 Bb4+ 7. Bd2 Bxd2+ 8.
Nbxd2 O-O 9. Qxc4 Qd5 10. O-O Rd8 11. e3 Qxc4 12. Nxc4 Bd7 13. Rac1 Nb4 14. a3
Nbd5 15. Nfe5 Bb5 16. Rfd1 c6 17. Na5 Rab8 18. b3 Ne7 19. Rd2 Nfd5 20. e4 Nb6
21. a4 Ba6 22. f3 f6 23. Ng4 e5 24. Rcd1 Rxd4 25. Rxd4 exd4 26. Rxd4 Kf7 27.
Kf2 c5 28. Rd1 c4 29. bxc4 Nxa4 30. Ne3 b6 31. Nb3 Nb2 32. Rd7 Rb7 33. Rxb7
Bxb7 34. Bf1 a5 35. Ke1 f5 36. exf5 Bxf3 37. c5 bxc5 38. Nxc5 a4 39. Kd2 a3 40.
Kc2 Nd5 41. Nxd5 Bxd5 42. Ne6 Nd1 43. Nd8+ Ke8 44. Ne6 a2 45. Nc7+ Kf7 46. Nxd5
a1=Q 47. Bc4 Qb2+ 48. Kxd1 Qd4+ 49. Ke1 Qxc4 50. Ne3 Qd3 51. Kf2 Qd2+ 52. Kf3
Qxh2 53. Ng4 Qh1+ 54. Kf2 Qe4 55. Ne3 Kf6 56. Ke2 Ke5 57. Kf2 Kd4 0-1

[Event "USCL Week 3"]
[Site "Internet Chess Club"]
[Date "2014.09.10"]
[Round "?"]
[White "Wilkins, Jacob"]
[Black "Smith, Shaun"]
[Result "1/2-1/2"]
[WhiteElo "1909"]
[BlackElo "2065"]
[PlyCount "103"]
[EventDate "2014.??.??"]

1. Nf3 b5 2. d4 Bb7 3. Bf4 e6 4. e3 a6 5. Be2 Nf6 6. h3 Be7 7. O-O O-O 8. Nbd2
d5 9. Ne5 Nbd7 10. Ndf3 c5 11. c3 h6 12. Nxd7 Nxd7 13. Ne5 Nxe5 14. Bxe5 f6 15.
Bg3 Bd6 16. Bxd6 Qxd6 17. f4 e5 18. Qd2 Bc6 19. fxe5 fxe5 20. Rxf8+ Rxf8 21.
Rf1 Rxf1+ 22. Bxf1 Bd7 23. Qf2 cxd4 24. cxd4 e4 25. Qd2 b4 26. Qc2 a5 27. Qd2
Qg6 28. Kh2 Qd6+ 29. Kg1 Qg6 30. Kh2 Qc6 31. Kg1 Qa4 32. b3 Qc6 33. Kf2 Qf6+
34. Kg1 Qg6 35. Kf2 Kh7 36. Ke1 Qg3+ 37. Qf2 Qxf2+ 38. Kxf2 Kg6 39. Ba6 Kf6 40.
Kg3 a4 41. Be2 a3 42. h4 Ba4 43. Bd1 Bb5 44. Kf2 g5 45. h5 Bd3 46. g4 Ke6 47.
Ke1 Kd6 48. Kd2 Bb1 49. Kc1 Bd3 50. Kd2 Bf1 51. Ke1 Bd3 52. Kd2 1/2-1/2